Subrahmanyam's botany question bank / (Record no. 134147)

MARC details
000 -LEADER
fixed length control field 00622nam a22002177a 4500
005 - DATE AND TIME OF LATEST TRANSACTION
control field 20170124110221.0
010 ## - LIBRARY OF CONGRESS CONTROL NUMBER
LC control number A-893831
020 ## - INTERNATIONAL STANDARD BOOK NUMBER
Terms of availability 00.00
035 ## - SYSTEM CONTROL NUMBER
System control number A-893831
037 ## - SOURCE OF ACQUISITION
Source of stock number/acquisition Cen Lib/Ret
040 ## - CATALOGING SOURCE
Original cataloging agency DPL
Language of cataloging EN
082 ## - DEWEY DECIMAL CLASSIFICATION NUMBER
Classification number 581
Item number SUB
100 ## - MAIN ENTRY--PERSONAL NAME
Personal name Subrahmanyam, N. S.
9 (RLIN) 39922
245 ## - TITLE STATEMENT
Title Subrahmanyam's botany question bank /
Statement of responsibility, etc by N. S. Subrahmanyam
260 ## - PUBLICATION, DISTRIBUTION, ETC. (IMPRINT)
Place of publication, distribution, etc New Delhi
Name of publisher, distributor, etc Vikas Publishing House
Date of publication, distribution, etc 1977
270 ## - ADDRESS
City New Delhi
Address 576 Masjid Road, Jangpura
Postal code 110014
300 ## - PHYSICAL DESCRIPTION
Extent 396p.
Dimensions 22cm(Hb)
650 ## - SUBJECT ADDED ENTRY--TOPICAL TERM
Topical term or geographic name as entry element Botany
9 (RLIN) 138886
650 ## - SUBJECT ADDED ENTRY--TOPICAL TERM
Topical term or geographic name as entry element Science
9 (RLIN) 10795
942 ## - ADDED ENTRY ELEMENTS (KOHA)
Source of classification or shelving scheme Dewey Decimal Classification
Koha item type English Books
Classification part 581
Call number suffix SUB
Holdings
Withdrawn status Lost status Damaged status Not for loan Collection code Home library Current library Date acquired Source of acquisition Cost, normal purchase price Total Checkouts Full call number Barcode Date last seen Copy number Cost, replacement price Price effective from Koha item type
      Not For Loan Reference Central Library Central Library 29/07/2015 Cen Lib/Ret 0.00   581 SUB A-893831 29/07/2015 1 0.00 29/07/2015 English Books

© Delhi Public Library
Hit Counter
free hit counter